| 000 | 00348nam a2200121Ia 4500 | ||
|---|---|---|---|
| 008 | 210430s9999 xx 000 0 und d | ||
| 020 | _a969-404-008-6 | ||
| 082 | _a954.91 Q95 S | ||
| 100 |
_aDr. I.H. Qureshi _953414 |
||
| 245 | 2 |
_aA Short History of Pakistan _cDr. I.H. Qureshi |
|
| 260 |
_aKarachi _bUniversity of Karachi _c2006 |
||
| 942 |
_cBK _2ddc |
||
| 999 |
_c563409 _d563409 |
||